LEADER 01950nas 2200589- 450 001 996435450603316 005 20221025213018.0 011 $a2345-6620 035 $a(OCoLC)1290509213 035 $a(CKB)4100000012005839 035 $a(CONSER)--2022224637 035 $a(EXLCZ)994100000012005839 100 $a20211221a20139999 --- f 101 0 $aper 135 $aur||||||||||| 181 $ctxt$2rdacontent 182 $cc$2rdamedia 183 $acr$2rdacarrier 200 00$aHunar va tamaddun-i Sharq 210 1$aTihr?n :$c?Pizh?hishkadah-i Hunar, Mi?m?r? va Shahr?s?z?-i Na?ar 215 $a1 online resource 300 $aRefereed/Peer-reviewed 300 $aRefereed/Peer-reviewed. 311 $a2345-6612 517 1 $aJournal of art and civilization of the Orient 517 1 $aJACO 606 $aArt, Middle Eastern$vPeriodicals 606 $aArt, South Asian$vPeriodicals 606 $aArt, Central Asian$vPeriodicals 606 $aArt, Central Asian$2fast$3(OCoLC)fst00816094 606 $aArt, Middle Eastern$2fast$3(OCoLC)fst00816611 606 $aArt, South Asian$2fast$3(OCoLC)fst00816895 606 $aCivilization$2fast$3(OCoLC)fst00862898 607 $aMiddle East$xCivilization$vPeriodicals 607 $aSouth Asia$xCivilization$vPeriodicals 607 $aAsia, Central$xCivilization$vPeriodicals 607 $aCentral Asia$2fast 607 $aMiddle East$2fast 607 $aSouth Asia$2fast 608 $aPeriodicals.$2fast 615 0$aArt, Middle Eastern 615 0$aArt, South Asian 615 0$aArt, Central Asian 615 7$aArt, Central Asian. 615 7$aArt, Middle Eastern. 615 7$aArt, South Asian. 615 7$aCivilization. 712 02$aMarkaz-i Pizh?hish?-i Hunar, Mi?m?r? va Shahr?s?z?-i Na?ar, 906 $aJOURNAL 912 $a996435450603316 996 $aHunar va tamaddun-i Sharq$92960517 997 $aUNISA LEADER 02486nam 2200577 450 001 9910705668103321 005 20170908135039.0 035 $a(CKB)5470000002451714 035 $a(OCoLC)986528872 035 $a(EXLCZ)995470000002451714 100 $a20170510j200210 ua 0 101 0 $aeng 135 $aurbn||||||||| 181 $ctxt$2rdacontent 182 $cc$2rdamedia 183 $acr$2rdacarrier 200 10$aNovel on-wafer radiation pattern measurement technique for MEMS actuator based reconfigurable patch antennas /$fRainee N. Simons 210 1$aCleveland, Ohio :$cNational Aeronautics and Space Administration, Glenn Research Center,$dOctober 2002. 215 $a1 online resource (6 pages) $ccolor illustrations 225 1 $aNASA/TM ;$v2003-211816 300 $a"October 2002." 300 $a"Prepared for the 24th Annual Antenna Measurement Techniques Association Meeting and Symposium cosponsored by the Aeroflex Lintek Corporation and Mission Research Corporation, Cleveland, Ohio, November 3-8, 2002." 300 $a"Performing organization: National Aeronautics and Space Administration, John H. Glenn Research Center at Lewis Field"--Report documentation page. 320 $aIncludes bibliographical references (page 6). 517 3 $aNovel on-wafer radiation pattern measurement technique for micro electromechanical systems actuator based reconfigurable patch antennas 606 $aMicroelectromechanical systems$2nasat 606 $aAutomated on-wafer measurements$2nasat 606 $aInstrumentation$2nasat 606 $aCoplanar waveguide$2nasat 606 $aMicrostrip$2nasat 606 $aCircular polarization$2nasat 606 $aDual linear polarization$2nasat 606 $aPatch antennas$2nasat 606 $aSemiconductor antenna$2nasat 615 7$aMicroelectromechanical systems. 615 7$aAutomated on-wafer measurements. 615 7$aInstrumentation. 615 7$aCoplanar waveguide. 615 7$aMicrostrip. 615 7$aCircular polarization. 615 7$aDual linear polarization. 615 7$aPatch antennas. 615 7$aSemiconductor antenna. 700 $aSimons$b Rainee$f1949-$0845520 712 02$aNASA Glenn Research Center, 801 0$bGPO 801 1$bGPO 906 $aBOOK 912 $a9910705668103321 996 $aNovel on-wafer radiation pattern measurement technique for MEMS actuator based reconfigurable patch antennas$93536418 997 $aUNINA